| 000 | 005180000a22001930004500 | ||
|---|---|---|---|
| 020 | _a958-648-292-8 | ||
| 041 | 0 | _aSPA | |
| 082 | 0 | 4 | _aG 342.861 P349c |
| 100 | 1 | _aPeña Peña, Rogelio Enrique | |
| 245 | 1 | 0 | _aConstitución política de Colombia / Rogelio Enrique Peña Peña |
| 250 | _a4 | ||
| 260 | _aSantafé de Bogotá, Colombia : Ecoe | ||
| 300 | _a487 Pag | ||
| 001 | 9691 | ||
| 942 | _cBK | ||
| 999 |
_c39573 _d39573 |
||
| 336 |
_atexto _btxt _2rdacontent |
||
| 337 |
_2rdamedia _asin mediación _bn |
||
| 338 |
_2rdacarrier _avolumen _bnc |
||